| 000 -CABECERA |
| campo de control de longitud fija |
01055nam a2200301 u 4500 |
| 001 - NÚMERO DE CONTROL |
| campo de control |
000060900 |
| 005 - FECHA Y HORA DE LA ÚLTIMA TRANSACCIÓN |
| campo de control |
20200120223916.0 |
| 008 - DATOS DE LONGITUD FIJA--INFORMACIÓN GENERAL |
| campo de control de longitud fija |
131007s2012 ck a br| 000 j spa d |
| 020 ## - NÚMERO INTERNACIONAL ESTÁNDAR DEL LIBRO |
| Número Internacional Estándar del Libro |
9789587584622 |
| 041 0# - CÓDIGO DE LENGUA |
| Código de lengua del texto/banda sonora o título independiente |
spa |
| Código de lengua original |
por |
| 043 ## - CÓDIGO DE ÁREA GEOGRÁFICA |
| Código de área geográfica |
s-bl--- |
| 090 ## - LOCALMENTE ASIGNADO TIPO-LC NÚMERO DE CLASIFICACIÓN (OCLC); NÚMERO DE CLASIFICACIÓN LOCAL (RLIN) |
| Número de clasificación (OCLC) (R) ; Numero de clasificación, CALL (RLIN) (NR) |
C |
| Número cutter local (OCLC) ; Número de libro/Signatura topográfica íntegra, CALL (RLIN) |
COLa 2012 |
| 100 1# - ENTRADA PRINCIPAL--NOMBRE DE PERSONA |
| Nombre de persona |
Colasanti, Marina, |
| Fechas asociadas al nombre |
1937 |
| 245 13 - MENCIÓN DE TÍTULO |
| Título |
La amistad bate la cola / |
| Mención de responsabilidad, etc. |
Marina Colasanti ; ilustraciones de Claudia Rueda ; traducción de Beatriz Peña. |
| 260 ## - PUBLICACIÓN, DISTRIBUCIÓN, ETC. |
| Lugar de publicación, distribución, etc. |
Bogotá : |
| Nombre del editor, distribuidor, etc. |
Alfaguara, |
| Fecha de publicación, distribución, etc. |
2012. |
| 300 ## - DESCRIPCIÓN FÍSICA |
| Extensión |
41 p. : |
| Otras características físicas |
il.,col. |
| 490 ## - MENCIÓN DE SERIE |
| Mención de serie |
Nidos para la lectura |
| 490 ## - MENCIÓN DE SERIE |
| Mención de serie |
Leer es mi cuento |
| 500 ## - NOTA GENERAL |
| -- |
Ej.1 de la Biblioteca Carlos E. Restrepo pertenece a la colección donada por Bibliored. |
| 521 ## - NOTA DE PÚBLICO DESTINATARIO |
| Nota de público destinatario |
Recomendado de 6 a 8 años |
| 500 ## - NOTA GENERAL |
| Nota general |
Título original : A amizade abana o rabo. |
| 650 14 - PUNTO DE ACCESO ADICIONAL DE MATERIA--TÉRMINO DE MATERIA |
| Término de materia o nombre geográfico como elemento de entrada |
Cuento infantil brasileño. |
| 650 24 - PUNTO DE ACCESO ADICIONAL DE MATERIA--TÉRMINO DE MATERIA |
| Término de materia o nombre geográfico como elemento de entrada |
Literatura infantil brasileña. |
| 650 24 - PUNTO DE ACCESO ADICIONAL DE MATERIA--TÉRMINO DE MATERIA |
| Término de materia o nombre geográfico como elemento de entrada |
Amistad en la literatura. |
| 650 24 - PUNTO DE ACCESO ADICIONAL DE MATERIA--TÉRMINO DE MATERIA |
| Término de materia o nombre geográfico como elemento de entrada |
Perros en la literatura. |
| 700 1# - PUNTO DE ACCESO ADICIONAL--NOMBRE DE PERSONA |
| Nombre de persona |
Rueda, Claudia, |
| Término indicativo de función/relación |
ilustradora. |
| 700 1# - PUNTO DE ACCESO ADICIONAL--NOMBRE DE PERSONA |
| Nombre de persona |
Peña, Beatriz, |
| Término indicativo de función/relación |
traductora. |